00745nam a22002297a 4500003000400000008004100004020001800045082001700063245011700080260003700197300001100234650003900245650004000284650006700324700002300391700001700414700001700431700001800448700001900466700001600485700001400501OSt260624b |||||||| |||| 00| 0 eng d a9788170196242 a632.96bK45B aBio-Intensive Approaches:bApplication and Effectiveness in plant Disease ManagementcEditers- Khan, Mujeebur R. aNew DelhibTTPP, New Delhic2019 a609 p. aPlant diseases Biological control. aSustainable agriculture Evaluation. aPlant diseases, Prevention and control, Environmental aspects. aMukhopadhyay, A.N. aPandey, R.N. aThakur, M.P. aSingh, Dinesh aSiddiqui, M.A. aMd. Akram,  aHaque, Z.